Lieux célèbres du Monde par images - Statistiques

Statistiques générales
  • Ce quiz a été pris 2 113 fois
    1 898 depuis la dernière actualisation
  • Le résultat moyen est 8 sur 12
Statistiques - réponses
Par images Réponse % Correct
Tour Eiffel
99%
Big Ben
96%
Colisée
91%
Taj Mahal
91%
Opéra de Sydney
90%
Pyramides de Gizeh
84%
Empire State Building
82%
Machu Picchu
78%
Cité Interdite
45%
Pyramide de Chichen Itzá
22%
Taipei 101
13%
Temple d'Abou Simbel
12%
Aucun quiz correspondant
Distribution des résultats
% des personnes avec chaque résultat
Percentile par nombre de réponses
Votre historique - résultats
Vous n’avez pas pris ce quiz depuis la dernière actualisation